[Event "23rd ETCC Open 2021"]
[Site "Catez"]
[Date "2021.11.19"]
[Round "7.69"]
[White "Tate, Alan"]
[Black "Pancevski, Filip"]
[Result "1/2-1/2"]
[WhiteElo "2342"]
[BlackElo "2490"]
[Annotator "ChessBase"]
[PlyCount "88"]
[EventDate "2021.11.08"]
[EventType "team-tourn"]
[EventCountry "SLO"]
[SourceTitle "playchess.com"]
[Source "ChessBase"]
[SourceQuality "1"]
[WhiteTeam "Scotland"]
[BlackTeam "Macedonia"]
[WhiteTeamCountry "SCO"]
[BlackTeamCountry "MKD"]
[TimeControl "40/5400+30:1800+30"]

1. e4 d6 2. d4 Nf6 3. Nc3 e5 4. Nf3 Nbd7 5. g4 g6 6. g5 Nh5 7. Be3 Bg7 8. Qd2
c6 9. O-O-O Qa5 10. Kb1 O-O 11. Be2 Re8 12. h4 Nf8 13. Nh2 b5 14. Bxh5 gxh5 15.
f3 b4 16. Ne2 Be6 17. d5 cxd5 18. exd5 Bf5 19. Ng3 Bg6 20. Ne4 Rec8 21. Nf1
Rab8 22. Nfg3 Qd8 23. Rc1 a5 24. Qe2 a4 25. Qa6 b3 26. cxb3 axb3 27. a3 f5 28.
gxf6 Bxf6 29. Rxc8 Rxc8 30. Rg1 Ra8 31. Qc4 Kh8 32. Qxb3 Bxh4 33. Ka1 Rb8 34.
Qd1 Qd7 35. Qd2 Rb3 36. Ne2 Qh3 37. Bh6 Qxf3 38. Ng5 Bxg5 39. Bxg5 Rd3 40. Qc1
Qxe2 41. Bf6+ Kg8 42. Qc7 Nd7 43. Qd8+ Nf8 44. Qc7 Nd7 1/2-1/2

[Event "23rd ETCC Open 2021"]
[Site "Catez"]
[Date "2021.11.19"]
[Round "7.70"]
[White "Nikolovski, Nikola"]
[Black "Bremner, Adam"]
[Result "1/2-1/2"]
[WhiteElo "2401"]
[BlackElo "2204"]
[Annotator "NA"]
[PlyCount "89"]
[EventDate "2021.11.08"]
[EventType "team-tourn"]
[EventCountry "SLO"]
[SourceTitle "playchess.com"]
[Source "ChessBase"]
[SourceQuality "1"]
[WhiteTeam "Macedonia"]
[BlackTeam "Scotland"]
[WhiteTeamCountry "MKD"]
[BlackTeamCountry "SCO"]
[TimeControl "40/5400+30:1800+30"]

1. e4 c6 2. d4 d5 3. exd5 cxd5 4. Bd3 Nc6 5. c3 Qc7 6. Ne2 Bg4 7. O-O e6 8. Qe1
Bd6 9. f3 Bh5 10. Qh4 Bg6 11. Bxg6 fxg6 12. Bf4 Nge7 13. Bxd6 Qxd6 14. f4 Nf5
15. Qh3 Qd7 16. Nd2 Nd8 17. Nc1 Nf7 18. Nd3 O-O 19. Nc5 Qc8 20. Rae1 Re8 21. g4
N5d6 22. Qe3 b6 23. Nxe6 Nd8 24. f5 gxf5 25. gxf5 Nxe6 26. fxe6 Ne4 27. Nxe4
Rxe6 28. Qf3 dxe4 29. Rxe4 Rg6+ 30. Kh1 Rf6 31. Rf4 Rxf4 32. Qd5+ Kh8 33. Rxf4
h6 34. Rf7 Qe8 35. Qf3 Qe1+ 36. Qf1 Qe4+ 37. Qg2 Qe1+ 38. Rf1 Qe8 39. Rf7 Qxf7
40. Qxa8+ Kh7 41. Qe4+ Kh8 42. Qe2 Qxa2 43. c4 a5 44. Qe8+ Kh7 45. Qe4+ 1/2-1/2

[Event "23rd ETCC Open 2021"]
[Site "Catez"]
[Date "2021.11.19"]
[Round "7.71"]
[White "Morrison, Graham"]
[Black "Lazov, Toni"]
[Result "1/2-1/2"]
[WhiteElo "2251"]
[BlackElo "2393"]
[Annotator "NA"]
[PlyCount "70"]
[EventDate "2021.11.08"]
[EventType "team-tourn"]
[EventCountry "SLO"]
[SourceTitle "playchess.com"]
[Source "ChessBase"]
[SourceQuality "1"]
[WhiteTeam "Scotland"]
[BlackTeam "Macedonia"]
[WhiteTeamCountry "SCO"]
[BlackTeamCountry "MKD"]
[TimeControl "40/5400+30:1800+30"]

1. d4 Nf6 2. c4 g6 3. Nc3 Bg7 4. e4 d6 5. Nf3 O-O 6. Be2 e5 7. Be3 Ng4 8. Bg5
f6 9. Bh4 g5 10. Bg3 Nh6 11. c5 Nc6 12. cxd6 cxd6 13. dxe5 dxe5 14. Bc4+ Kh8
15. h3 Nd4 16. O-O Nxf3+ 17. Qxf3 g4 18. hxg4 Bxg4 19. Qd3 Qe8 20. f3 Bc8 21.
Bh2 f5 22. Rad1 fxe4 23. Nxe4 Bf5 24. Bd5 Rd8 25. Qb3 b6 26. Qa3 a5 27. Nd6 Qg6
28. Nxf5 Qxf5 29. Qb3 Qf6 30. Rfe1 Rfe8 31. g4 Bf8 32. Kg2 Bc5 33. Re4 Bd4 34.
Bc4 Kg7 35. Rde1 Nf7 1/2-1/2

[Event "23rd ETCC Open 2021"]
[Site "Catez"]
[Date "2021.11.19"]
[Round "7.72"]
[White "Mihov, Filip"]
[Black "Gordon, Frederick"]
[Result "1-0"]
[WhiteElo "2255"]
[BlackElo "1739"]
[Annotator "NA"]
[PlyCount "125"]
[EventDate "2021.11.08"]
[EventType "team-tourn"]
[EventCountry "SLO"]
[SourceTitle "playchess.com"]
[Source "ChessBase"]
[SourceQuality "1"]
[WhiteTeam "Macedonia"]
[BlackTeam "Scotland"]
[WhiteTeamCountry "MKD"]
[BlackTeamCountry "SCO"]
[TimeControl "40/5400+30:1800+30"]

1. c4 c5 2. Nc3 g6 3. Nf3 Bg7 4. e3 Nf6 5. d4 cxd4 6. Nxd4 O-O 7. Nc2 b6 8. Be2
Bb7 9. O-O Na6 10. f3 Nc5 11. e4 a5 12. Be3 d6 13. Qd2 Bc6 14. b3 Qc8 15. Rab1
Rd8 16. Bg5 Qb7 17. Nd5 Nxd5 18. exd5 Be8 19. Nd4 Bxd4+ 20. Qxd4 f6 21. Bh6 Nd7
22. f4 b5 23. cxb5 Qb6 24. Rfd1 Rdc8 25. a4 Bf7 26. Bf3 Rc3 27. h4 f5 28. Bg7
Rc2 29. Kf1 Rac8 30. Qxb6 Nxb6 31. Bb2 Kf8 32. Ba3 R8c3 33. Bb2 Rc8 34. Rd3 Ke8
35. Bg7 Rc1+ 36. Rxc1 Rxc1+ 37. Kf2 Rc5 38. Bd4 Rc2+ 39. Ke3 Nxd5+ 40. Bxd5
Bxd5 41. Bb6 Be4 42. Rd4 Rxg2 43. Bxa5 Rg3+ 44. Kd2 Rxb3 45. Rxe4 fxe4 46. Kc2
Rg3 47. b6 Rg2+ 48. Kc3 Rg3+ 49. Kc4 d5+ 50. Kc5 Rb3 51. Kc6 d4 52. b7 d3 53.
Bd2 Kd8 54. Ba5+ Ke8 55. Bd2 Kd8 56. a5 Rb2 57. a6 Rc2+ 58. Kb6 Rb2+ 59. Kc6
Rc2+ 60. Kb6 Rb2+ 61. Ka7 e3 62. Bxe3 Kc7 63. Bd2 1-0

[Event "23rd ETCC Open 2021"]
[Site "Catez"]
[Date "2021.11.19"]
[Round "7.73"]
[White "Kanyamarala, Tarun"]
[Black "Toczek, Grzegorz"]
[Result "1-0"]
[WhiteElo "2321"]
[BlackElo "2296"]
[Annotator "ChessBase"]
[PlyCount "163"]
[EventDate "2021.11.08"]
[EventType "team-tourn"]
[EventCountry "SLO"]
[SourceTitle "playchess.com"]
[Source "ChessBase"]
[SourceQuality "1"]
[WhiteTeam "Ireland"]
[BlackTeam "Wales"]
[WhiteTeamCountry "IRL"]
[BlackTeamCountry "WLS"]
[TimeControl "40/5400+30:1800+30"]

1. d4 Nf6 2. c4 g6 3. Nc3 d5 4. cxd5 Nxd5 5. e4 Nxc3 6. bxc3 Bg7 7. Nf3 O-O 8.
Be2 c5 9. O-O Qc7 10. Be3 Nd7 11. Qb3 e6 12. a4 b6 13. Rab1 Bb7 14. Nd2 Kh8 15.
a5 Rab8 16. axb6 axb6 17. Bb5 Nf6 18. f3 Ng8 19. Rfd1 Rfd8 20. Nc4 f5 21. exf5
gxf5 22. Qa3 cxd4 23. cxd4 Nf6 24. Ne5 Bf8 25. Qb2 Qe7 26. Bg5 Bg7 27. Qf2 Kg8
28. Qh4 h6 29. Bxh6 Bxh6 30. Qxh6 Qg7 31. Qh4 Bd5 32. Ba6 Nd7 33. Nxd7 Rxd7 34.
Qf4 Qf8 35. Rdc1 Qd6 36. Qe5 Ba2 37. Rb2 Bd5 38. Rcb1 Kf7 39. Be2 Ba8 40. Rb4
Rc8 41. Qe3 Rh8 42. h3 Bd5 43. Qe5 Rb8 44. Kf2 Ba8 45. R1b2 Qxe5 46. dxe5 Rd5
47. f4 Rc5 48. Rxb6 Rg8 49. Bh5+ Ke7 50. Bf3 Bxf3 51. Kxf3 Rc3+ 52. Kf2 Rgc8
53. Rb7+ Kf8 54. Rb8 Rxb8 55. Rxb8+ Kf7 56. Rb7+ Kf8 57. Rd7 Ra3 58. Rd2 Kf7
59. Re2 Kg6 60. Re3 Ra4 61. Kg3 Kh5 62. Rb3 Rc4 63. Rb8 Rc3+ 64. Kf2 Rc2+ 65.
Kf3 Rc3+ 66. Ke2 Rc2+ 67. Kd3 Rc6 68. Rg8 Kh4 69. Kd4 Ra6 70. Kc5 Ra4 71. Kd6
Ra6+ 72. Ke7 Rb6 73. Kf6 Ra6 74. Rg6 Kh5 75. g4+ fxg4 76. hxg4+ Kh4 77. Kf7 Kg3
78. f5 Ra7+ 79. Kxe6 Kf4 80. Kf6 Ke4 81. e6 Kd5 82. Rg8 1-0

[Event "23rd ETCC Open 2021"]
[Site "Catez"]
[Date "2021.11.19"]
[Round "7.74"]
[White "Pleasants, Allan J"]
[Black "Jessel, Stephen"]
[Result "0-1"]
[WhiteElo "2001"]
[BlackElo "2297"]
[Annotator "NA"]
[PlyCount "88"]
[EventDate "2021.11.08"]
[EventType "team-tourn"]
[EventCountry "SLO"]
[SourceTitle "playchess.com"]
[Source "ChessBase"]
[SourceQuality "1"]
[WhiteTeam "Wales"]
[BlackTeam "Ireland"]
[WhiteTeamCountry "WLS"]
[BlackTeamCountry "IRL"]
[TimeControl "40/5400+30:1800+30"]

1. Nf3 d5 2. g3 Nc6 3. d4 Bf5 4. Bg2 Nb4 5. Na3 e6 6. c3 Nc6 7. O-O Bxa3 8.
bxa3 Be4 9. Re1 Nge7 10. Bf1 Bxf3 11. exf3 O-O 12. Bd3 Nf5 13. Bf4 Nd6 14. Bc2
Qd7 15. Qd3 f5 16. Ba4 Nc4 17. Rab1 Rab8 18. Rb3 a6 19. Bxc6 Qxc6 20. Be5 Rf7
21. h4 a5 22. Reb1 b6 23. Rb5 Rc8 24. R5b3 a4 25. Rb4 Nxa3 26. Re1 Nc4 27. Kg2
Ra8 28. Bf4 Re8 29. h5 Ra8 30. h6 g6 31. Re2 Re7 32. Rb1 Rae8 33. Rbe1 Rf7 34.
Bc1 Qd7 35. Bf4 Qc8 36. Qd1 b5 37. Qb1 c6 38. Qb4 Qd7 39. Qc5 Ree7 40. Bg5 Re8
41. a3 Qc8 42. Bf4 Rb7 43. Bc1 Qd7 44. Bf4 b4 0-1

[Event "23rd ETCC Open 2021"]
[Site "Catez"]
[Date "2021.11.19"]
[Round "7.75"]
[White "Nemeth, Zalan"]
[Black "Garcia, Jason"]
[Result "1-0"]
[WhiteElo "2163"]
[BlackElo "2028"]
[Annotator "NA"]
[PlyCount "93"]
[EventDate "2021.11.08"]
[EventType "team-tourn"]
[EventCountry "SLO"]
[SourceTitle "playchess.com"]
[Source "ChessBase"]
[SourceQuality "1"]
[WhiteTeam "Ireland"]
[BlackTeam "Wales"]
[WhiteTeamCountry "IRL"]
[BlackTeamCountry "WLS"]
[TimeControl "40/5400+30:1800+30"]

1. c4 c5 2. g3 e6 3. Nf3 b6 4. Bg2 Bb7 5. Nc3 Nf6 6. O-O Be7 7. b3 d6 8. Bb2
Nbd7 9. d4 cxd4 10. Qxd4 a6 11. Rac1 O-O 12. e4 Qc7 13. Ne1 Rac8 14. Nc2 Rfe8
15. Ne3 Bf8 16. Qd2 Qb8 17. Rfd1 Bc6 18. Ba3 Nc5 19. Qc2 Ncxe4 20. Nxe4 Nxe4
21. Bxe4 Bxe4 22. Qxe4 d5 23. cxd5 Bxa3 24. Rxc8 Qxc8 25. d6 Rd8 26. Nc4 Bc5
27. Qf3 f6 28. Qe4 e5 29. Qd5+ Kf8 30. Rd3 Bd4 31. a4 Qd7 32. Rf3 b5 33. axb5
axb5 34. Nxe5 Bxe5 35. Qxe5 Qxd6 36. Qxb5 Rb8 37. Qf5 Kf7 38. Rd3 Qe5 39. Qxh7
Qa1+ 40. Kg2 Qa8+ 41. f3 Rxb3 42. Qh5+ Kg8 43. Rd7 Rb2+ 44. Kh3 Qf8 45. Qd5+
Kh7 46. Rd8 Qe7 47. Qh5# 1-0

[Event "23rd ETCC Open 2021"]
[Site "Catez"]
[Date "2021.11.19"]
[Round "7.76"]
[White "Weatherlake, John P"]
[Black "Kanyamarala, Trisha"]
[Result "0-1"]
[WhiteElo "1890"]
[BlackElo "2089"]
[Annotator "NA"]
[PlyCount "54"]
[EventDate "2021.11.08"]
[EventType "team-tourn"]
[EventCountry "SLO"]
[SourceTitle "playchess.com"]
[Source "ChessBase"]
[SourceQuality "1"]
[WhiteTeam "Wales"]
[BlackTeam "Ireland"]
[WhiteTeamCountry "WLS"]
[BlackTeamCountry "IRL"]
[TimeControl "40/5400+30:1800+30"]

1. e4 c5 2. Nf3 d6 3. d4 cxd4 4. Nxd4 Nf6 5. Nc3 Nc6 6. Bg5 e6 7. Qd2 a6 8.
O-O-O Bd7 9. f4 b5 10. Bxf6 gxf6 11. Kb1 Qb6 12. Nxc6 Bxc6 13. f5 b4 14. Ne2 e5
15. Ng3 h5 16. h4 Be7 17. Bd3 a5 18. Qe2 a4 19. Bc4 Qc5 20. Nxh5 Rc8 21. b3
axb3 22. cxb3 Rxh5 23. Bxf7+ Kxf7 24. Qxh5+ Kg7 25. Qg4+ Kf8 26. h5 Qe3 27. Rh4
Bb5 0-1

[Event "23rd ETCC Open 2021"]
[Site "Catez"]
[Date "2021.11.20"]
[Round "8.1"]
[White "Radjabov, Teimour"]
[Black "Korobov, Anton"]
[Result "1/2-1/2"]
[WhiteElo "2763"]
[BlackElo "2684"]
[Annotator "TA"]
[PlyCount "49"]
[EventDate "2021.11.08"]
[EventType "team-tourn"]
[EventCountry "SLO"]
[SourceTitle "playchess.com"]
[Source "ChessBase"]
[SourceQuality "1"]
[WhiteTeam "Azerbaijan"]
[BlackTeam "Ukraine"]
[WhiteTeamCountry "AZE"]
[BlackTeamCountry "UKR"]

{[%evp 16,49,15,15,18,18,16,16,27,19,25,25,25,22,25,27,27,27,27,27,23,25,27,27,
26,26,27,22,23,0,15,0,33,0,28,0]} 1. d4 Nf6 2. c4 e6 3. Nf3 d5 4. Nc3 Bb4 5.
Bg5 h6 6. Bxf6 Qxf6 7. e3 O-O 8. Rc1 dxc4 9. Bxc4 c5 {D38: Queen's Gambit
Declined: Ragozin Defence (4 Nf3 Bb4).} 10. Qb3 cxd4 11. Qxb4 Nc6 {The
position is equal.} 12. Ne4 Nxb4 13. Nxf6+ gxf6 14. Nxd4 e5 15. Nc2 Nxc2+ 16.
Rxc2 Bf5 17. Rc1 {[#]} Rac8 $146 ({Predecessor:} 17... Rfc8 18. Ke2 {1/2-1/2 
(18) Medina,M (2308)-Engelen,J (2381) ICCF email 2018}) 18. Ke2 Rfd8 {[#] ...
Rxc4! is the strong threat.} 19. Rhd1 Rxd1 20. Kxd1 $11 {KRB-KRB} Rd8+ 21. Ke2
Rc8 22. Kd1 Rd8+ 23. Ke2 Rc8 {[#] aiming for ...b5!} 24. Kd1 Rd8+ 25. Ke2 {
An uneventful encounter.  Weighted Error Value: White=0.05/Black=0.01} 1/2-1/2

[Event "23rd ETCC Open 2021"]
[Site "Catez"]
[Date "2021.11.20"]
[Round "8.2"]
[White "Volokitin, Andrei"]
[Black "Mamedov, Rauf"]
[Result "1/2-1/2"]
[WhiteElo "2656"]
[BlackElo "2673"]
[Annotator "TA"]
[PlyCount "60"]
[EventDate "2021.11.08"]
[EventType "team-tourn"]
[EventCountry "SLO"]
[SourceTitle "playchess.com"]
[Source "ChessBase"]
[SourceQuality "1"]
[WhiteTeam "Ukraine"]
[BlackTeam "Azerbaijan"]
[WhiteTeamCountry "UKR"]
[BlackTeamCountry "AZE"]

{[%evp 17,60,40,36,14,38,8,28,0,11,5,9,4,18,0,0,0,0,0,0,0,0,0,0,0,0,0,0,0,0,0,
0,0,0,0,0,0,0,0,0,0,0,0,0,0,0]} 1. e4 e5 2. Nf3 Nc6 3. Bb5 a6 4. Ba4 Nf6 5. O-O
b5 6. Bb3 Bc5 7. a4 Rb8 8. c3 d6 9. d4 Bb6 10. Qd3 {C78: Ruy Lopez:
Archangelsk and Möller Defences.} O-O 11. axb5 axb5 12. Bg5 {White has an edge.
} exd4 {The position is equal.} 13. cxd4 h6 14. Bh4 g5 {[#]} 15. e5 $1 {
Threatens to win with Qg6+.} gxh4 16. Qg6+ {[%mdl 64] Double Attack} Kh8 17.
Qxh6+ {[%mdl 64] Double Attack} Nh7 18. Bc2 {[%csl Gc2][%cal Rh6h7]} f5 19.
exf6 $1 {[%csl Gc2][%cal Rh6h7]} Rf7 20. Ng5 Qxf6 {[%mdl 64] [#] Double Attack}
21. Nxf7+ Qxf7 22. Bxh7 Qxh7 23. Qf8+ Qg8 24. Qh6+ {[%mdl 64] Double Attack}
Qh7 25. Qf8+ Qg8 26. Qh6+ {[%mdl 64] Double Attack} Qh7 27. Qf8+ Qg8 28. Qh6+ {
[%mdl 64] Double Attack} Qh7 29. Qf8+ Qg8 {[#]} 30. Qh6+ $146 {[%mdl 64]
Double Attack} ({Predecessor:} 30. Qf6+ Qg7 31. Qxh4+ Qh7 32. Qf6+ Qg7 33. Qh4+
Qh7 34. Qf6+ Qg7 35. Qh4+ {1/2-1/2 (31) Dudas,E (2276)-Papp,P (2305) Heviz 2013
}) 30... Qh7 {Not much happened in this game.  Weighted Error Value: White=0.
04/Black=0.00} 1/2-1/2

[Event "23rd ETCC Open 2021"]
[Site "Catez"]
[Date "2021.11.20"]
[Round "8.3"]
[White "Guseinov, Gadir"]
[Black "Kuzubov, Yuriy"]
[Result "1/2-1/2"]
[WhiteElo "2665"]
[BlackElo "2637"]
[Annotator "TA"]
[PlyCount "51"]
[EventDate "2021.11.08"]
[EventType "team-tourn"]
[EventCountry "SLO"]
[SourceTitle "playchess.com"]
[Source "ChessBase"]
[SourceQuality "1"]
[WhiteTeam "Azerbaijan"]
[BlackTeam "Ukraine"]
[WhiteTeamCountry "AZE"]
[BlackTeamCountry "UKR"]

{[%evp 11,51,29,22,0,0,0,0,0,0,-9,21,0,0,0,11,25,13,6,19,24,14,16,10,7,26,0,0,
0,9,23,16,-25,0,0,0,0,0,0,0,0,0,0]} 1. e4 e5 2. Nf3 Nf6 3. d4 Nxe4 4. Bd3 d5 5.
Nxe5 Nd7 6. Nxd7 Bxd7 7. Nc3 {C43: Petroff Defence: 3 d4.} (7. O-O {seems
wilder.} Bd6 8. Qh5 Qf6 9. Nc3 Qxd4 10. Be3) 7... Nxc3 8. bxc3 Bd6 {8...Qe7+
is not played anymore.} 9. Qh5 Qe7+ 10. Be3 Be6 11. O-O O-O-O 12. Rab1 Kb8 {[#]
} 13. Ba6 $146 ({Predecessor:} 13. Rfe1 g6 14. Qh6 Qf8 15. a4 Qxh6 16. Bxh6 Bd7
17. a5 Rhe8 18. Rxe8 Rxe8 19. c4 dxc4 20. Bxc4 {1/2-1/2 (111) Jones,G (2670)
-Kuzubov,Y (2643) Chess.com INT 2020}) 13... b6 14. a4 {[%cal Ba2a4,Ba4a5]
[%mdl 32]} Qd7 15. Qe2 f5 16. Bg5 Rde8 17. a5 Qf7 $1 18. Qf3 {Hoping for c4!}
h6 19. Bf4 Bxf4 20. Qxf4 {[#] White threatens axb6 and mate.} g5 $1 {[%cal
Rg5f4]} 21. Qd2 Bc8 22. Bb5 {The position is equal.} Bd7 23. Ba6 Bc8 24. Bb5
Bd7 25. Ba6 Bc8 26. Bb5 {An uneventful encounter.  Weighted Error Value:
White=0.05/Black=0.03} 1/2-1/2

[Event "23rd ETCC Open 2021"]
[Site "Catez"]
[Date "2021.11.20"]
[Round "8.4"]
[White "Shevchenko, Kirill"]
[Black "Abasov, Nijat"]
[Result "1/2-1/2"]
[WhiteElo "2647"]
[BlackElo "2634"]
[Annotator "TA"]
[PlyCount "53"]
[EventDate "2021.11.08"]
[EventType "team-tourn"]
[EventCountry "SLO"]
[SourceTitle "playchess.com"]
[Source "ChessBase"]
[SourceQuality "1"]
[WhiteTeam "Ukraine"]
[BlackTeam "Azerbaijan"]
[WhiteTeamCountry "UKR"]
[BlackTeamCountry "AZE"]

{[%evp 13,53,0,0,-25,-22,-17,16,6,26,0,0,0,-4,0,0,-7,-12,-16,0,0,0,0,0,0,0,0,0,
0,0,0,0,0,0,0,0,0,0,0,0,0,0,-8]} 1. d4 Nf6 2. c4 e6 3. Nc3 Bb4 4. Qc2 O-O 5. e4
d5 6. e5 Ne4 7. Bd3 c5 8. a3 {E32: Nimzo-Indian: Classical (4 Qc2): 4...0-0.}
Bxc3+ 9. bxc3 Nc6 10. Ne2 cxd4 11. cxd5 exd5 {Black wants to play ...dxc3.The
position is equal.} 12. cxd4 Bg4 13. f3 Bxf3 14. gxf3 Qh4+ 15. Ng3 $1 {[#]}
Nxd4 $146 (15... Nxg3 $5 16. Qf2 $8 {[%mdl 64] Pin} (16. Bxh7+ $2 Kh8 $19)
16... Nxd4 17. Qxg3 Nxf3+ 18. Kf2 Qd4+ {[%mdl 64] Double Attack} 19. Be3 Qxd3
20. Qxf3 Qc2+ 21. Kg3 Rfe8 $11) ({Predecessor:} 15... Nxg3 16. Qf2 Nxd4 17.
Qxg3 Nxf3+ 18. Ke2 Qxg3 19. hxg3 Nxe5 20. Bxh7+ Kh8 21. Be4+ Kg8 {0-1 (62)
Hartmann,G-Felczer,K (2173) Frankfurt 2000}) 16. Qg2 Nc5 17. Bb1 Ncb3 18. Bb2
Nxa1 19. Bxa1 f6 $1 20. Ba2 ({Of course not} 20. f4 fxe5 21. Qxd5+ Kh8 $15)
20... Rac8 21. O-O {[#] Black must now prevent exf6.} Rc2 22. Bxd5+ Kh8 23. Rf2
Rc1+ 24. Rf1 Rc2 25. Rf2 Rc1+ 26. Rf1 Rc2 27. Rf2 {A rather calm draw. 
Weighted Error Value: White=0.04/Black=0.03} 1/2-1/2

[Event "23rd ETCC Open 2021"]
[Site "Catez"]
[Date "2021.11.20"]
[Round "8.5"]
[White "Grischuk, Alexander"]
[Black "Firouzja, Alireza"]
[Result "1/2-1/2"]
[WhiteElo "2773"]
[BlackElo "2770"]
[Annotator "TA"]
[PlyCount "171"]
[EventDate "2021.11.08"]
[EventType "team-tourn"]
[EventCountry "SLO"]
[SourceTitle "playchess.com"]
[Source "ChessBase"]
[SourceQuality "1"]
[WhiteTeam "Russia"]
[BlackTeam "France"]
[WhiteTeamCountry "RUS"]
[BlackTeamCountry "FRA"]

{[%evp 16,170,48,6,7,9,11,0,0,3,8,0,0,0,0,0,0,0,0,0,0,-22,27,39,37,36,62,61,81,
65,70,62,72,54,78,57,53,42,59,43,68,79,87,68,94,45,47,45,67,31,45,24,53,31,53,
43,95,95,95,95,95,68,68,68,68,75,76,31,31,31,31,31,31,31,31,31,31,0,31,31,31,
31,31,31,31,31,31,31,31,31,31,31,31,31,31,31,31,31,31,31,32,32,32,32,32,31,31,
31,32,31,31,31,31,31,31,31,31,31,31,31,31,31,31,31,31,31,31,31,31,31,31,31,32,
32,32,32,32,32,32,32,32,32,32,32,32,32,32,32,32,0,0,0,0,0,0,0,0]} 1. e4 e5 2.
Nf3 Nc6 3. Bb5 a6 4. Ba4 Nf6 5. O-O b5 6. Bb3 Bc5 7. c3 d6 8. d4 Bb6 9. Be3 O-O
{9...0-0 scores better than 9...Bg4. C78: Ruy Lopez: Archangelsk and Möller
Defences.} 10. Nbd2 Rb8 11. h3 Re8 12. Re1 Bb7 {[#]} 13. Ng5 $146 ({
Predecessor:} 13. Bc2 h6 14. a3 a5 15. Nf1 Na7 16. Ng3 exd4 17. Bxd4 c5 18.
Bxf6 Qxf6 19. Nh5 {1-0 (35) McShane,L (2674)-Erdos,V (2622) Douglas 2021})
13... Re7 {[%cal Re5d4]} 14. d5 {[#] And now Bxb6 would win.} Bxe3 15. Rxe3 Na7
16. a4 Nc8 17. axb5 (17. Ngf3 {is interesting.} c6 18. dxc6 Bxc6 19. a5 Rc7 20.
Nf1) 17... axb5 18. c4 (18. Ngf3 {keeps more tension.} c6 19. dxc6 Bxc6 20. Ne1
b4 21. c4) 18... c6 (18... h6 {is more complex.} 19. Ngf3 c6 20. dxc6 Bxc6 21.
Rc1 bxc4 22. Nxc4 Bxe4 23. Ncxe5 Bxf3 24. gxf3 Na7) 19. dxc6 Bxc6 20. cxb5 Bxb5
21. Bxf7+ $1 Rxf7 22. Qb3 {[%mdl 64] [#] Pin} d5 $1 23. Nxf7 Kxf7 24. exd5 Qxd5
25. Qxd5+ Nxd5 26. Rxe5 Nf6 27. Ne4 Nd7 28. Rd5 Bc6 29. Rd2 Ne5 30. Re1 (30.
Ng5+ {seems wilder.} Kg6 31. f4 Nc4 32. Rd4 N4b6 33. Re1) 30... Bxe4 31. Rxe4
Nc6 32. Rd3 {Hoping for Rf3+.} N8e7 33. b3 Kg8 34. g3 Nf5 35. Kg2 Nfd4 36.
Rexd4 $16 Nxd4 37. Rxd4 Rxb3 {[%mdl 4096] Endgame KR-KR} 38. Rd7 h5 39. Rd5 g6
40. Rd7 Kf8 41. g4 hxg4 42. hxg4 Ra3 43. f3 Rb3 44. Kg3 Rb4 45. Kh4 Rb5 $1 46.
Kg3 Rb4 47. f4 Rb3+ 48. Kf2 Ra3 49. Rd5 Kf7 50. Re5 Kf6 51. Re3 Ra4 52. Kf3 Ra1
53. Rb3 Rf1+ 54. Ke3 Re1+ 55. Kf2 Re7 56. Kg3 Ra7 57. Rb5 Ra3+ 58. Kh4 Ra7 59.
Rb6+ Kg7 $1 60. Re6 Kf7 61. Rd6 {Black must now prevent Kg5.} Kg7 62. Rd3 Kf6
63. Kg3 Rb7 64. Kf3 Re7 65. Rd5 Kf7 66. Rd6 Kg7 67. Rc6 Kf7 68. Rc4 Kf6 69. Re4
{Rxe7 is the strong threat.} Ra7 70. Rd4 Re7 71. Rd3 Kf7 72. Ra3 Kf6 73. Kg3
Kf7 74. Kh4 Rb7 75. Kg5 {aiming for Ra6.} Kg7 $1 76. Ra5 Rc7 77. Ra6 Rc5+ 78.
f5 gxf5 79. gxf5 {Strongly threatening Ra7+.} Rc7 $1 80. Rg6+ Kf7 81. Rh6 {
Rh7+ would kill now.} Kg7 82. f6+ Kg8 {The position is equal.} 83. Kg6 Rg7+ 84.
Kf5 Ra7 85. Kg6 Rg7+ 86. fxg7 {Weighted Error Value: White=0.08/Black=0.06}
1/2-1/2

[Event "23rd ETCC Open 2021"]
[Site "Catez"]
[Date "2021.11.20"]
[Round "8.6"]
[White "Vachier-Lagrave, Maxime"]
[Black "Dubov, Daniil"]
[Result "1/2-1/2"]
[WhiteElo "2766"]
[BlackElo "2714"]
[Annotator "TA"]
[PlyCount "125"]
[EventDate "2021.11.08"]
[EventType "team-tourn"]
[EventCountry "SLO"]
[SourceTitle "playchess.com"]
[Source "ChessBase"]
[SourceQuality "1"]
[WhiteTeam "France"]
[BlackTeam "Russia"]
[WhiteTeamCountry "FRA"]
[BlackTeamCountry "RUS"]

{[%evp 13,125,45,39,19,25,15,43,37,30,32,39,38,39,34,36,33,45,40,38,32,37,12,
31,21,29,-14,0,0,0,-26,-22,-19,-36,-45,0,0,0,0,0,0,0,0,6,0,0,0,13,12,19,14,27,
25,30,25,25,36,29,36,19,29,41,0,0,0,0,0,0,0,0,0,0,0,0,0,0,0,0,0,0,0,0,0,0,0,0,
0,0,0,0,0,0,0,0,0,0,0,0,0,0,0,0,0,0,0,0,0,0,0,0,0,0,0,0,0]} 1. e4 e5 2. Nf3 Nc6
3. Bc4 Nf6 4. d3 Be7 5. O-O O-O 6. Re1 d6 7. a4 Be6 8. Nc3 {[#] C55: Two
Knights: 4 d3, 4 d4 exd4 5 e5 and Max Lange Attack.} a5 $146 ({Predecessor:} 
8... Qd7 9. a5 a6 10. Nd5 Bxd5 11. Bxd5 Nxd5 12. exd5 Nd4 13. Nxd4 exd4 14. h3
Bf6 15. Qf3 Qb5 {0-1 (58) Harikrishna,P (2744)-Wang,H (2709) Huaian 2017}) 9.
Nd5 Nb4 {[%cal Rb4d5]} 10. Nxf6+ {White is slightly better.} Bxf6 11. Bxe6 fxe6
12. c3 Nc6 13. Bd2 Qe8 14. b4 Qg6 15. b5 Nb8 16. Be3 Nd7 17. h3 h6 18. Nh2 Kh7
19. g3 Bg5 20. Ra2 Rf7 21. Qg4 Bxe3 22. Qxg6+ Kxg6 23. Rxe3 Nb6 24. Kg2 Kf6 25.
Nf3 Ke7 26. Nd2 Raf8 27. Nb3 Ra8 28. Re1 Rff8 29. Nd2 Rfd8 30. h4 Rac8 31. d4
c5 32. bxc6 Rxc6 33. Rb1 Rd7 34. Rb5 {[#] Strongly threatening d5.} Nc4 35.
Nxc4 Rxc4 36. dxe5 dxe5 37. Rxe5 $11 {[%mdl 4096] Endgame KRR-KRR} b6 $1 {
The position is equal.} 38. Rb5 Rd6 39. e5 Rdc6 40. Rab2 Rxc3 41. Rxb6 Rxb6 42.
Rxb6 {KR-KR} Rc4 43. Rb7+ Kf8 44. h5 Rxa4 45. f4 Rb4 46. Ra7 a4 47. Kf3 Rb3+
48. Kf2 Rb4 (48... a3 {with more complications.} 49. Ra8+ Kf7 50. Ra7+ Kg8 51.
g4 Kf8) 49. Ke3 Rb3+ 50. Kd4 Rxg3 51. Rxa4 Rg1 52. Kc5 {[#] Hoping for Kd6.}
Rd1 53. Ra8+ Ke7 54. Ra7+ Kf8 $1 55. Kc6 (55. Ra3 {is interesting.} Rd5+ 56.
Kc6 Rd1 57. Ra7 Rd5 58. Ra6) 55... Rd2 56. Rd7 Ra2 57. Rb7 Rd2 58. Rd7 Ra2 59.
Rc7 {Kd7 is the strong threat.} Rd2 60. Ra7 Rd1 61. Ra8+ Ke7 62. Ra7+ Kf8 63.
Ra8+ {Weighted Error Value: White=0.04/Black=0.03} 1/2-1/2